LDR 00491naa#a2200145#i#450# 001 EN\INFRA-M\bibl\14595 005 20260430175955.4 100 ## _a20250114b2025####ek#y0engy0150####ca 102 ## _aRU 200 1# _aDEVELOPMENT OF DIGITAL SOLUTIONS AND SERVICES IN THE LOCOMOTIVE FACILITY OF JSC RUSSIAN RAILWAYS _eConference article/thesis 210 1# _aMoscow _cINFRA-M Academic Publishing LLC. _d2025 215 ## _a4 с. 608 ## _aConference article/thesis _2local 700 #1 _aOsipov _gD. V. 856 4# _azh-szf.ru _u